| 000 | 00723nam a2200229 a 4500 | ||
|---|---|---|---|
| 999 |
_c2840 _d2840 |
||
| 001 | 2840 | ||
| 003 | BD-JhCC | ||
| 005 | 20211010134021.0 | ||
| 008 | 171107s2009 bg |||| ||a| 000 0 ben d | ||
| 020 | _a9847013800484 | ||
| 035 | _a(BD-JhCC)2840 | ||
| 040 |
_aBD-JhCC _dBD-JhCC |
||
| 041 | _aben | ||
| 082 |
_a327 _bISL 2009 |
||
| 100 | _aইসলাম, জুলফিয়া | ||
| 245 |
_aপ্রজন্ম দূরত্ব এবং আপনার সন্তান / _cজুলফিয়া ইসলাম, |
||
| 260 |
_aঢাকা : _bবিদ্যাপ্রকাশ, _c2009 |
||
| 300 |
_a135 p. : _c22 cm. |
||
| 650 |
_aYoung Children _xEducation |
||
| 942 |
_2ddc _cBK _02 |
||